Kvantumelektrodinamika és kvantumoptika
Elmentve itt :
| Szerző: | |
|---|---|
| Dokumentumtípus: | Könyv |
| Megjelent: |
2015
|
| Kulcsszavak: | kvantumelektrodinamika kvantumoptika |
| Tárgyszavak: | |
| Online Access: | http://eta.bibl.u-szeged.hu/1694 |
| LEADER | 00634nnm a2200193 i 4500 | ||
|---|---|---|---|
| 001 | eta1694 | ||
| 005 | 20190207100402.0 | ||
| 008 | 190207s2015 hu o 0|| hun d | ||
| 040 | |a SZTE Elektronikus Tananyag Archívum |b hun | ||
| 041 | |a hun | ||
| 100 | 1 | |a Benedict Mihály | |
| 245 | 1 | 0 | |a Kvantumelektrodinamika és kvantumoptika |h [elektronikus dokumentum] / |c Benedict Mihály |
| 260 | |c 2015 | ||
| 516 | |a Book | ||
| 650 | 4 | |a Természettudományok | |
| 650 | 4 | |a Fizikai tudományok | |
| 695 | |a kvantumelektrodinamika | ||
| 695 | |a kvantumoptika | ||
| 856 | 4 | 0 | |u https://eta.bibl.u-szeged.hu/1694/1/kvantumoptika_jegyzet_2015.pdf |z Dokumentum-elérés |